| 000 | 00513nam a2200169Ia 4500 | ||
|---|---|---|---|
| 008 | 230917s9999||||xx |||||||||||||| ||und|| | ||
| 020 | _cRS 900.00 | ||
| 040 |
_e5007705 _aMAIN |
||
| 041 | _aEnglish | ||
| 082 | _a785.0954 C349I | ||
| 100 | _aChakravorty, Sumita | ||
| 245 | 0 | _aInstruments in Hindustani classical music: Role and performance | |
| 260 |
_aNew Delhi _bKanishka Publishers, Distributors _c2020 |
||
| 300 | _axiv, 290 p. | ||
| 500 | _a4584 17/10/2022 HBD22/9425 19/10/2022 Main Budget | ||
| 942 | _cBK | ||
| 999 |
_c5883 _d5883 |
||